| 000 | 02397nam a2200229Ia 4500 | ||
|---|---|---|---|
| 003 | Ost | ||
| 005 | 20260416102402.0 | ||
| 008 | 260416s9999||||xx |||||||||||||| ||und|| | ||
| 040 | _cfsecg | ||
| 041 | _aara | ||
| 082 | _a657.42 | ||
| 100 |
_aتباني، آمال _eمؤلف |
||
| 245 | 0 |
_aالرقابة والتدقيق في القطاع العام / _c آمال تباني |
|
| 260 |
_aالجزائر _bجامعة الجزائر3: كلية العلوم الإقتصادية، العلوم التجارية وعلوم التسيير _c2021 |
||
| 300 |
_a152 ورقة _bايضاحات _c12 سم |
||
| 504 | _aالمراجع ص.9 | ||
| 520 | _aتهدف هذه المطبوعة إلى تقديم دراسة شاملة لنظام الرقابة والتدقيق الساري في القطاع العام، مع التركيز على آليات الرقابة المختلفة وأهدافها وأدواتها. كما تسعى المطبوعة إلى تسليط الضوء على أهمية التدقيق الحكومي في ضمان الشفافية والمساءلة في إدارة المال العام. وتغطي المطبوعة الأطر النظرية للرقابة المالية، وأنواع الرقابة المختلفة، وأساليب تنفيذها، ودور الجهات الرقابية المختلفة مثل المراقب المالي، المحاسب العمومي، المفتشية العامة للمالية، والبرلمان. كما تتناول المطبوعة مفهوم التدقيق الحكومي وأهدافه، وأنواعه، والمعايير الدولية المتعلقة به. وتخلص المطبوعة إلى أن نظام الرقابة والتدقيق في القطاع العام يلعب دوراً حيوياً في ضمان حسن إدارة المال العام، وتحقيق الشفافية والمساءلة. وتؤكد المطبوعة على أهمية تطوير هذا النظام وتحديثه بشكل مستمر لمواكبة التطورات الحديثة في مجال الإدارة المالية العامة. | ||
| 653 | _aالمال العام - التدقيق | ||
| 653 | _aالمال العام - الرقابة | ||
| 710 |
_aجامعة الجزائر3: كلية العلوم الإقتصادية، العلوم التجارية وعلوم التسيير _eناشر علمي |
||
| 942 | _cHANDOUT | ||
| 999 |
_c41454 _d41454 |
||